|
|
|
|
| LEADER |
00573cam a2200169 7i4500 |
| 001 |
0000028035 |
| 005 |
20120807090000.0 |
| 020 |
0 |
0 |
|a 9834226608
|
| 090 |
0 |
0 |
|a M 364.1
|b NAT
|
| 245 |
0 |
0 |
|a National integrity system :
|b a guiding framework.
|
| 260 |
0 |
0 |
|a Kuala Lumpur:
|b UNDP,
|c 2007.
|
| 300 |
# |
# |
|a 187 p.
|
| 650 |
0 |
0 |
|a Corruption --
|x Prevention --
|z Malaysia
|
| 650 |
0 |
0 |
|a National integrity system --
|z Malaysia
|
| 710 |
2 |
1 |
|a Malaysia Institute of integrity
|
| 710 |
2 |
1 |
|a United nations Development Programme (Malaysia)
|
| 999 |
|
|
|a 0000030707
|b Book
|c Malaysia
|e Business Information Centre
|